000 00787nam a2200253Ia 4500
003 OSt
005 20220930091043.0
006 a|||||r|||| 00| 0
007 ta
008 220926b |||||||| |||| 00| 0 eng d
024 _a3421
037 _cTheses
040 _aCRL
_cCRL
_beng
041 _2eng
_aeng
100 _aSharanjit Kaur
_9544602
110 _aUniversity of Delhi. Faculty of Technology. Department of Computer Science
245 0 _aLeveraging grid as a synopsis for mining dara streams
260 _c2010
650 _aCOMPUTR SCIENCE
700 _a Bhatnagar Vasudha Gu.
_9544603
700 _aUniversity of Delhi. Faculty of Technology. Department of Computer Science
942 _cDIS
_2CC
999 _c881564
_d881564